Taylor Swift 37 - Statistics

General Stats
  • This quiz has been taken 30 times
  • The average score is 260 of 345
Answer Stats
Answer % Correct
I
100%
you
100%
a
94%
and
94%
is
94%
so
94%
the
94%
then
94%
be
89%
but
89%
I'm
89%
it
89%
know
89%
like
89%
me
89%
my
89%
never
89%
no
89%
not
89%
that
89%
there
89%
we
89%
with
89%
your
89%
you're
89%
can
83%
don't
83%
down
83%
got
83%
his
83%
in
83%
it's
83%
I've
83%
now
83%
on
83%
to
83%
too
83%
when
83%
who
83%
all
78%
are
78%
at
78%
'cause
78%
just
78%
oh
78%
our
78%
say
78%
that's
78%
calm
72%
could
72%
hey
72%
need
72%
okay
72%
out
72%
over
72%
see
72%
try
72%
why
72%
about
67%
being
67%
bone
67%
broke
67%
fun
67%
gown
67%
learned
67%
less
67%
loud
67%
obsessing
67%
stop
67%
street
67%
7am
61%
cop-out
61%
damn
61%
gay
61%
GLAAD
61%
lesson
61%
mad
61%
Patron
61%
self-expression
61%
shots
61%
somebody
61%
step
61%
stones
61%
take
61%
taking
61%
trying
61%
would
61%
ain't
56%
anybody
56%
crowns
56%
figured
56%
girls
56%
internet
56%
killing
56%
knockout
56%
made
56%
mess
56%
Tweet
56%
coming
50%
friends
50%
hate
50%
must've
50%
night
50%
oh-oh
50%
people
50%
several
50%
shade
50%
sign
50%
snakes
50%
stressing
50%
taken
50%
ages
44%
comparing
44%
dark
44%
else
44%
making
44%
missile
44%
rather
44%
seats
44%
gowns
39%
parade
39%
restore
39%
scream
39%
'bout
33%
peace
33%
sunshine
33%
urges
33%
control
28%
No matching quizzes found
Score Distribution
Percent of People with Each Score
Percentile by Number Answered
Your Score History
You have not taken this quiz